| 000 | 01280nam a22003617a 4500 | ||
|---|---|---|---|
| 003 | CHAP | ||
| 005 | 20220329133227.0 | ||
| 008 | 971013s1986 r 00010 d | ||
| 010 | _a3642 | ||
| 011 | _a4614 | ||
| 035 | _a3818 | ||
| 040 | _cCHAP | ||
| 090 | _aFolleto 12970 | ||
| 100 | 0 | 0 |
_aArroyo Alejandre, Jesús. _97515 |
| 245 |
_aEmigración rural de fuerza de trabajo en el occidente-centro de México _b: una contribución de información básica para un análisis |
||
| 260 |
_aGuadalajara, Jal. : _bUniversidad de Guadalajara, _c1986 |
||
| 300 | _a102 p | ||
| 490 |
_aCuadernos de difusión científica _v; 6 |
||
| 500 | _aD50-215 | ||
| 590 |
_aBATCH-UPD _b10 _c20130110 _lUCH01 _h0012 |
||
| 590 |
_aBATCH-UPD _b10 _c20130110 _lUCH01 _h1117 |
||
| 590 |
_aBATCH-UPD _b10 _c20130409 _lUCH01 _h1949 |
||
| 590 |
_aBATCH-UPD _b10 _c20130410 _lUCH01 _h0707 |
||
| 590 |
_aBATCH-UPD _b10 _c20130914 _lUCH01 _h0402 |
||
| 590 |
_aCONVERSION _b10 _c20130109 _lUCH01 _h1303 |
||
| 650 | 1 | 4 |
_aDesarrollo de la comunidad rural _zMéxico. _932040 |
| 650 | 1 | 4 |
_aMigración interna. _975603 |
| 650 | 1 | 4 |
_aTrabajo _xOfertas de. _9114483 |
| 830 | 0 |
_aCuadernos de difusión científica _v; 6 _929766 |
|
| 901 | _aBK | ||
| 942 | _cFOLL | ||
| 949 |
_aFolleto 12970 _bBC _cFOLL _d-13346 _eTS1 _i3818 _mD _si |
||
| 999 |
_c3642 _d3642 |
||